Aplikácia kvality navrhovaním experimentov
Inžiniersko-matematická stratégia riešenia problému prístupom navrhovania experimentov. Kroková procedúra navrhovania experimentu. Vybrané princípy používané v navrhovaní experimentov.
Enregistré dans:
| Auteur principal: | |
|---|---|
| Format: | Chapitre de livre |
| Langue: | slovaque |
| Sujets: | |
| Tags: |
Pas de tags, Soyez le premier à ajouter un tag!
|
MARC
| LEADER | 00000naa a2200000 4500 | ||
|---|---|---|---|
| 001 | 0122608 | ||
| 005 | 20240502072402.9 | ||
| 041 | 0 | |a slo | |
| 044 | |a SK | ||
| 245 | 1 | 0 | |a Aplikácia kvality navrhovaním experimentov |c Adriana Horníková |
| 520 | |a Inžiniersko-matematická stratégia riešenia problému prístupom navrhovania experimentov. Kroková procedúra navrhovania experimentu. Vybrané princípy používané v navrhovaní experimentov. | ||
| 610 | 2 | 0 | |a experimenty |
| 610 | 2 | 0 | |a metódy matematicko-štatistické |
| 610 | 2 | 0 | |a metodika |
| 100 | 1 | |a Horníková, Adriana | |